Movies Quiz

Random Movies or Clickable Quiz
Score 0/24 Timer 06:00
0 Plays Today
% Correct
Wedding Crashers
87.5%
Spaceballs
81.6%
School of Rock
81.3%
Mean Girls
80.6%
Best in Show
77.1%
The 40-Year-Old Virgin
75.8%
Thor: Ragnarok
75.7%
My Cousin Vinny
72.2%
Meet the Parents
72%
Talladega Nights: The Ballad of Ricky Bobby
71%
Neighbors
69%
Hot Fuzz
68.1%
% Correct
Walk Hard: The Dewey Cox Story
66.5%
Juno
66.3%
Bridesmaids
64.8%
Step Brothers
62.6%
The World's End
62.1%
Super Troopers
59.1%
The Royal Tenenbaums
49.8%
Army of Darkness
49.4%
Lost in Translation
48.8%
Scott Pilgrim vs. the World
41.9%
O Brother, Where Art Thou?
38.8%
Burn After Reading
26.1%
Remove Ads.
Support Sporcle.
Get the best of Sporcle when you Go Orange. This ad-free experience offers more features, more stats, and more fun while also helping to support Sporcle. Thank you for becoming a member.

You're not logged in!

Compare scores with friends on all Sporcle quizzes.
OR
Log In

Show Comments

Extras

Top Quizzes Today


Score Distribution

Your Account Isn't Verified!

In order to create a playlist on Sporcle, you need to verify the email address you used during registration. Go to your Sporcle Settings to finish the process.

Report this User

Report this user for behavior that violates our Community Guidelines.

Details: